000 02561nam0a2200373 4500
001 RU\NLR\BIBL_A\016335015
005 20230803172704.0
010 _a978-5-6045604-5-7
_9500
021 _aRU
_bКН-П-23-012800
_9КН-П-23-1262
035 _a(NLR Aleph) 016335015
035 _a(RuMoRGB)011620815
090 _a13072897
_c13072897
100 _a20230405d2021 u y0rusy50 ca
101 0 _arus
102 _aRU
105 _aa|||j||||||z|
181 1 _ai3
_baxxe
182 1 _an
200 1 _aФормирование кросс-культурного потенциала студентов вуза: теория и практика
_eучебное пособие
_eдля обучающихся по основной образовательной программе высшего образования по направлению подготовки 41.03.05 Международные отношения (уровень бакалавриата)
_fВ. Г. Рощупкин
_gМинистерство науки и высшего образования Российской Федерации, Федеральное государственное автономное образовательное учреждение высшего образования "Самарский национальный исследовательский университет имени академика С. П. Королева" (Самарский университет)
203 _aТекст
_bвизуальный
_cнепосредственный
210 _aСамара
_cИП Зуев Сергей Анатольевич
_cИздательский отдел
_d2021
215 _a257 с.
_cил.
_d20
320 _aБиблиогр.: с. 205-224 (280 назв.) и в подстроч. примеч.
606 1 _aСтуденты
_jУчебные издания
_xВоспитание культуры межнациональных отношений
_92478619
_3RU\NLR\AUTH\661471561
606 1 _aСтуденты
_jУчебные издания
_xВоспитание культуры личности
_92372236
_3RU\NLR\AUTH\661415898
606 1 _aКультура
_jУчебные издания
_xТеория
_91493017
_3RU\NLR\AUTH\66643358
686 1 _aЧ111я7
686 1 _aЧ481.352я7
686 1 _aС550.55я7
700 1 _aРощупкин
_bВ. Г.
_gВиталий Геннадьевич
942 _cBOOK
980 _aNB